000 00225nam a2200097Ia 4500
008 230605s9999 xx 000 0 und d
041 _aeng
100 _ajohn
245 _aOxford a-z of grammer & punctuation
650 _aDict.
999 _c417346
_d417346